| 000 | 00696nam a22002057a 4500 | ||
|---|---|---|---|
| 999 |
_c10308 _d10308 |
||
| 003 | AR-CdUCM | ||
| 008 | 190329b ||||| |||| 00| 0 spa d | ||
| 040 |
_aMUNICIPALIDAD PROVINCIAL DEL CUSCO _cBIBLIOTECA MUNICIPAL DEL CUSCO |
||
| 082 |
_a050.856 / _bUN61 / 1960 |
||
| 110 |
_aUniversidad Nacional Mayor de San Marcos _95627 |
||
| 245 | _aImagen del Perú / | ||
| 260 |
_aLima : _bUNMSM, _c1960. |
||
| 300 |
_a217 páginas ; _c16.5 cm. |
||
| 440 |
_aPedagógica _n7 _927100 |
||
| 505 | _aContenido: La tierra -- Las aguas -- La flora -- La fauna -- El hombre -- Las ciudades. | ||
| 650 |
_aRecursos naturales _91988 |
||
| 650 |
_aBiodiversidad _919327 |
||
| 942 |
_2ddc _cLIBROS |
||
| 945 | _aacv | ||